Započítavanie pohľadávok

Bibliographic Details
Main Author: Slovíková, Zuzana (Author)
Format: Article
Language:Slovak
ISSN:1335-0714
Subjects:

MARC

LEADER 00000nab a2200000 a 4500
001 vtls000729970
003 SK-MaSNL
005 20260302200156.0
008 180205c2000 xo 0 slo
015 |a SNBRB2000/09-21182 
035 |a CLN000082103 
040 |a SNKBUCL  |b slo  |c SNKBUCL  |e AACR2 
041 0 |a slo 
044 |a xo  |c SK 
080 |a 658.15:657.432/.433  |2 UDC-MRF-SK2 
080 |a 657.432/.433  |2 UDC-MRF-SK2 
080 |a 657.422.2/.1  |2 UDC-MRF-SK2 
080 |a 347.4  |2 UDC-MRF-SK2 
100 1 |a Slovíková, Zuzana  |4 aut  |9 851844 
245 1 0 |a Započítavanie pohľadávok  |c Zuzana Sloviková 
650 0 7 |a pohľadávky  |x zápočet  |2 snkbucl  |9 838505 
655 7 |a články z novín a časopisov  |2 snkbucl  |9 267496 
773 0 |x 1335-0714  |t Ekonomický a právny poradca podnikateľa  |g Č. 11-12 (2000), s. 170-176 
850 |a Slovenská národná knižnica v Martine 
852 |a SNK  |b KIS3GCP 
958 |a RBX 
999 |c 1455521  |d 1457451